| 000 | 00572nam a2200181 i 4500 | ||
|---|---|---|---|
| 001 | 28398 | ||
| 003 | ES-MaACL | ||
| 005 | 20230906153840.0 | ||
| 007 | t| | ||
| 008 | 030117s1855 po ||||1| por d | ||
| 080 | _a582.67/.89 | ||
| 100 | 1 |
_aBaptista, Isidro Emilio. _925249 |
|
| 245 | 1 | 0 |
_aDiscussao dos caracteres distintivos da familia das paromychiaceas / _cIsidro Emilio Baptista. |
| 260 |
_aLisboa : _b[s.n., _c1855] ( _fTyp. da Academia) |
||
| 650 | 4 |
_aDicotiledóneas. _9176259 |
|
| 710 | 2 |
_aAcademia das Ciências de Lisboa. _91159 |
|
| 852 | 4 |
_aES-MaACL _jT-126-F-8 |
|
| 999 |
_c28398 _d28398 |
||